00387 2200157 4500245003700000020002200037250000900059100001600068700001600084650001600100005001900116260004600135041001400181084000900195300002500204 aSeperti HujancBoy ChandrahText a978-979-794-528-2 a2020 aBoy Chandra aDian Nitami aNovel Fiksi a20240909092516 aJakarta SelatanbPenerbit Mediakitac2020 aIndonesia aNONE a284 hlm :c13×19 cm